000 01253nmm a2200253 i 4500
001 99030
003 ES-MaACL
007 t|
008 051108s2003 sp ||||1| spa d
022 _a0210-0630
080 _a37.03:371.214
245 0 0 _aMás iguales que diferentes [
_hRecurso electrónico].
260 _aSan Sebastián :
_bCissPraxis,
_c[2003]
300 _a1 disco compacto (CD-ROM) ;
_c12 cm.
490 1 _aCuadernos de pedagogía (CD-ROM)
500 _aCaracterísticas del sistema: Windows 9x/NT, Internet Explorer 5.5 o superior, procesador Pentium, memoria RAM 64 Mb, resolución y configuración de pantalla, 800x600 a 256 colores.
500 _aLas unidades de este CD-ROM trabajan los derechos básicos, la diversidad o los estereotipos y prejuicios racistas, atendiendo las diversas áreas curriculares de todos los niveles educativos, con el objetivo de desarrollar los aspectos cognitivos, socioafectivos y cooperativos del alumno.
500 _aDistribuido con la revista Cuadernos de Pedagogía en diciembre de 2004.
650 1 7 _aEducación en valores
_2embne
_912101
830 0 _aCuadernos de pedagogía (CD-ROM)
_9183997
852 _aES-MaACL
_jROT 1/6/40
942 _2udc
999 _c99030
_d99030